| 000 | 00747nam a22002057a 4500 | ||
|---|---|---|---|
| 999 |
_c20531 _d20531 |
||
| 003 | AR-CdUCM | ||
| 008 | 190531b ||||| |||| 00| 0 spa d | ||
| 040 |
_aMUNICIPALIDAD PROVINCIAL DEL CUSCO _cBIBLIOTECA MUNICIPAL DEL CUSCO |
||
| 082 |
_a927.8 / _bM48 |
||
| 100 |
_aMuñoz Pérez, Antonio _938760 |
||
| 245 |
_aMeyerbeer : _bsu vida y sus obras / |
||
| 260 |
_aParis : _bEdit. Franco ibero americano, _c1922. |
||
| 300 |
_a186 páginas ; _bIlustraciones, _c18 cm. |
||
| 440 |
_aLos Grandes músicos _938097 |
||
| 505 | _aContenido: Juventud de Meyerbeer -- Noticia histórica -- Meyerbeer en Italia - Casamiento de Meyerbeer... | ||
| 650 |
_aMúsicos _95854 |
||
| 650 |
_aBiografías _9148 |
||
| 942 |
_2ddc _cLIBROS |
||
| 945 |
_adavv _d2019-05-31 |
||